000 00333 a2200157 4500
001 179864
020 _a
040 _cMagnum
100 _aAlencar, José de
240 1 0 _aGuerra dos mascates
_lpor
245 1 0 _aGuerra dos mascates
362 0 _a1899
440 1 _aMelhoramentos
697 _aMAGNITO: A/ROMANCE
942 _cBK
999 _c179864
_d179864